[Event "Titled Tuesday intern op 27th Feb Late"]
[Site "Chess.com INT"]
[Date "2024.02.27"]
[Round "3"]
[White "Sharbaf, Mohsen"]
[Black "Kruckenhauser, Arthur"]
[Result "1/2-1/2"]
[WhiteElo "2201"]
[BlackElo "2351"]
[PlyCount "143"]
[EventDate "2024.02.27"]
[EventType "swiss (blitz)"]
[EventRounds "11"]
[EventCountry "USA"]
[SourceTitle "CB10_2024"]
[SourceDate "2024.03.06"]
[SourceVersion "1"]
[SourceVersionDate "2024.03.06"]
[SourceQuality "1"]

1. e4 c5 2. Nf3 d6 3. d4 cxd4 4. Nxd4 Nf6 5. Nc3 g6 6. Be3 Bg7 7. f3 0-0 8. Qd2 Nc6 9. g4 e6 10. 0-0-0 d5 11. exd5 Nxd5 12. Nxc6 bxc6 13. Bd4 Bxd4 14. Qxd4 Qb6 15. Na4 Qa5 16. b3 Rb8 17. Qc5 Qc7 18. Bc4 Qf4+ 19. Kb1 Qxf3 20. g5 Qf5 21. Qxa7 Bb7 22. Bxd5 cxd5 23. Nc5 Bc6 24. Rdf1 Qxg5 25. Rxf7 Qh5 26. Rhf1 g5 27. Rxf8+ Rxf8 28. Rxf8+ Kxf8 29. Qb8+ Qe8 30. Qd6+ Kf7 31. Qe5 h6 32. a4 Qe7 33. Nd3 Be8 34. a5 Bb5 35. Nf2 Qa7 36. Ng4 Qg1+ 37. Kb2 Qxg4 38. Qc7+ Kf6 39. Qd8+ Kf5 40. Qb6 Qb4 41. a6 d4 42. a7 Qc3+ 43. Kb1 Bc6 44. Qb8 e5 45. a8Q Bxa8 46. Qxa8 e4 47. Qf8+ Kg4 48. Qe8 e3 49. Qe4+ Kh5 50. Qf3+ Kg6 51. Qe4+ Kf6 52. Qf3+ Ke5 53. Qg3+ Kd5 54. Qf3+ Kc5 55. Qf8+ Kb5 56. Qb8+ Kc6 57. Qc8+ Kd5 58. Qf5+ Kd6 59. Qf6+ Kc5 60. Qe7+ Kb5 61. Qb7+ Ka5 62. Qa7+ Kb5 63. Qb7+ Kc5 64. Qc7+ Kd5 65. Qd7+ Ke4 66. Qg4+ Ke5 67. Qg3+ Kf6 68. Qf3+ Kg7 69. Qb7+ Kg8 70. Qb8+ Kf7 71. Qb7+ Kf6 72. Qf3+ 1/2-1/2

[Event "Titled Tuesday intern op 10th May Early"]
[Site "Chess.com INT"]
[Date "2022.05.10"]
[Round "2"]
[White "Karacsonyi, Gellert"]
[Black "Sharbaf, Mohsen"]
[Result "1-0"]
[WhiteElo "2338"]
[BlackElo "2239"]
[PlyCount "143"]
[EventDate "2022.05.10"]
[EventType "swiss (blitz)"]
[EventRounds "11"]
[EventCountry "USA"]
[SourceTitle "CBM 208 Extra"]
[Source "ChessBase"]
[SourceDate "2022.07.31"]
[SourceVersion "1"]
[SourceVersionDate "2022.07.31"]
[SourceQuality "1"]

1. e4 c5 2. Nf3 e6 3. d4 cxd4 4. Nxd4 a6 5. c4 Nf6 6. Nc3 Bb4 7. Qd3 Nc6 8. Nxc6 dxc6 9. Qxd8+ Kxd8 10. e5 Ng4 11. Bf4 Bxc3+ 12. bxc3 c5 13. Be2 h5 14. h3 Nh6 15. 0-0-0+ Kc7 16. Bxh5 Bd7 17. Rd2 Bc6 18. Bxh6 Rxh6 19. Be2 Bxg2 20. Rg1 Be4 21. Rxg7 Bg6 22. Bd3 Rf8 23. f4 Bxd3 24. Rxd3 Rh4 25. Rg4 Rfh8 26. Rxh4 Rxh4 27. Rf3 Kc6 28. Kd2 b5 29. cxb5+ axb5 30. Ke3 Kd5 31. Kd3 c4+ 32. Ke3 Kc5 33. a3 Kb6 34. Kd4 Ka5 35. Kc5 Rh8 36. Kc6 Rd8 37. f5 Rd3 38. fxe6 fxe6 39. Rf8 Ka4 40. Ra8+ Kb3 41. Kxb5 Rxc3 42. a4 Rd3 43. a5 Rd5+ 44. Kb6 c3 45. a6 Rxe5 46. a7 Re1 47. Re8 c2 48. a8Q c1Q 49. Rb8 Qe3+ 50. Kc7+ Kc4 51. Qa4+ Kd3 52. Rb3+ Ke2 53. Rxe3+ Kxe3 54. Qb3+ Kf4 55. Qb4+ Re4 56. Qd2+ Kf5 57. Qd3 e5 58. h4 Kf4 59. h5 Re3 60. Qxe3+ Kxe3 61. h6 e4 62. h7 Kd2 63. h8Q e3 64. Qd4+ Ke2 65. Kd6 Kf2 66. Qf4+ Ke2 67. Kd5 Kd2 68. Kd4 Ke2 69. Qxe3+ Kd1 70. Qf2 Kc1 71. Kc3 Kb1 72. Qb2# 1-0

[Event "Titled Tuesday intern op 10th May Late"]
[Site "Chess.com INT"]
[Date "2022.05.10"]
[Round "7"]
[White "Novikova, Galina"]
[Black "Sharbaf, Mohsen"]
[Result "1-0"]
[WhiteElo "2073"]
[BlackElo "2239"]
[PlyCount "93"]
[EventDate "2022.05.10"]
[EventType "swiss (blitz)"]
[EventRounds "11"]
[EventCountry "USA"]
[SourceTitle "CBM 208 Extra"]
[Source "ChessBase"]
[SourceDate "2022.07.31"]
[SourceVersion "1"]
[SourceVersionDate "2022.07.31"]
[SourceQuality "1"]

1. e4 c5 2. Nf3 e6 3. b4 cxb4 4. a3 d5 5. e5 Nc6 6. axb4 Bxb4 7. c3 Be7 8. d4 Bd7 9. Bd3 h5 10. 0-0 Nh6 11. Na3 a6 12. Nc2 Na7 13. Nd2 Nf5 14. Ne3 Bb5 15. Bxb5+ Nxb5 16. Nxf5 exf5 17. Qc2 Qd7 18. Qd3 0-0 19. Qh3 Rac8 20. Qxh5 Nxc3 21. Ba3 Bxa3 22. Rxa3 Ne4 23. Rh3 f6 24. Nf3 Qe8 25. Qh7+ Kf7 26. Qxf5 Qe6 27. Qh5+ Ke7 28. exf6+ gxf6 29. Nh4 Kd7 30. Rb3 Kc7 31. Rfb1 Nd6 32. Nf3 Rh8 33. Qg6 Rcg8 34. Qc2+ Kb8 35. Qc6 Rg7 36. g3 Rc8 37. Qb6 Re7 38. Qxa6 Rcc7 39. Ra1 Kc8 40. Qa8+ Kd7 41. Qa4+ Kc8 42. Rab1 Nc4 43. Qa8+ Kd7 44. Rxb7 Kc6 45. Rxc7+ Kxc7 46. Rb7+ Kc6 47. Qa6+ 1-0

[Event "Titled Tuesday intern op 10th May Late"]
[Site "Chess.com INT"]
[Date "2022.05.10"]
[Round "10"]
[White "Sabar, Ethmane Daouda"]
[Black "Sharbaf, Mohsen"]
[Result "0-1"]
[WhiteElo "2040"]
[BlackElo "2239"]
[PlyCount "152"]
[EventDate "2022.05.10"]
[EventType "swiss (blitz)"]
[EventRounds "11"]
[EventCountry "USA"]
[SourceTitle "CBM 208 Extra"]
[Source "ChessBase"]
[SourceDate "2022.07.31"]
[SourceVersion "1"]
[SourceVersionDate "2022.07.31"]
[SourceQuality "1"]

1. b3 Nf6 2. Bb2 g6 3. Bxf6 exf6 4. c4 d5 5. cxd5 Qxd5 6. Nc3 Qd6 7. g3 Bg7 8. Bg2 0-0 9. e3 c6 10. Nge2 f5 11. d4 Nd7 12. 0-0 Nb6 13. Rc1 a5 14. Nf4 a4 15. bxa4 Qb4 16. Nd3 Qa5 17. Nc5 Bf6 18. Qc2 Be7 19. Nb3 Qa7 20. Nc5 Bxc5 21. dxc5 Nxa4 22. Ne2 Re8 23. Nf4 Re5 24. Nd3 Re8 25. Rfd1 Be6 26. Nf4 Red8 27. Nxe6 fxe6 28. Rd6 Rxd6 29. cxd6 Rd8 30. Rd1 Nb6 31. Qc5 Nc8 32. Qe5 Qxa2 33. d7 Nb6 34. Qc7 Rxd7 35. Rxd7 Nxd7 36. Qxd7 Qb1+ 37. Bf1 Qb3 38. Qd8+ Kg7 39. Qd4+ Kf7 40. Bc4 Qb1+ 41. Kg2 Qe4+ 42. Qxe4 fxe4 43. g4 b5 44. Ba2 Kf6 45. f4 exf3+ 46. Kxf3 Ke5 47. e4 c5 48. Ke3 g5 49. Bb1 h6 50. Bd3 c4 51. Bc2 b4 52. Bb1 b3 53. Kd2 Kd4 54. h3 c3+ 55. Kc1 c2 56. Bxc2 bxc2 57. Kxc2 Kxe4 58. Kd2 Kf4 59. Ke2 Kg3 60. Ke3 Kxh3 61. Kf3 Kh4 62. Ke4 Kxg4 63. Ke3 h5 64. Kf2 h4 65. Kg2 h3+ 66. Kh2 Kh4 67. Kh1 g4 68. Kg1 g3 69. Kh1 h2 70. Kg2 Kg4 71. Kh1 Kf4 72. Kg2 h1Q+ 73. Kxh1 Kf3 74. Kg1 g2 75. Kh2 Kf2 76. Kh3 g1Q 0-1

[Event "Titled Tuesday intern op 10th May Early"]
[Site "Chess.com INT"]
[Date "2022.05.10"]
[Round "1"]
[White "Sharbaf, Mohsen"]
[Black "Plotnikov, Pavel"]
[Result "1-0"]
[WhiteElo "2239"]
[BlackElo "2297"]
[PlyCount "59"]
[EventDate "2022.05.10"]
[EventType "swiss (blitz)"]
[EventRounds "11"]
[EventCountry "USA"]
[SourceTitle "CBM 208 Extra"]
[Source "ChessBase"]
[SourceDate "2022.07.31"]
[SourceVersion "1"]
[SourceVersionDate "2022.07.31"]
[SourceQuality "1"]

1. c4 e5 2. Nc3 d6 3. g3 f5 4. d4 Nd7 5. dxe5 dxe5 6. e4 Ngf6 7. exf5 Bd6 8. Bg2 0-0 9. Nf3 Nb6 10. 0-0 Nxc4 11. Qb3 Kh8 12. Qxc4 Bxf5 13. Bg5 c6 14. Rad1 Qc7 15. Bxf6 gxf6 16. Nh4 Bd7 17. Ne4 Be7 18. Nc5 Rad8 19. Ne6 Bxe6 20. Qxe6 Rxd1 21. Rxd1 Rd8 22. Rxd8+ Qxd8 23. Nf5 Bf8 24. Qf7 c5 25. Bd5 Bh6 26. Nxh6 c4 27. Ng4 c3 28. bxc3 e4 29. Nxf6 Qc8 30. Qxh7# 1-0

[Event "Titled Tuesday intern op 10th May Early"]
[Site "Chess.com INT"]
[Date "2022.05.10"]
[Round "4"]
[White "Sharbaf, Mohsen"]
[Black "Raahul, VS."]
[Result "0-1"]
[WhiteElo "2239"]
[BlackElo "2371"]
[PlyCount "86"]
[EventDate "2022.05.10"]
[EventType "swiss (blitz)"]
[EventRounds "11"]
[EventCountry "USA"]
[SourceTitle "CBM 208 Extra"]
[Source "ChessBase"]
[SourceDate "2022.07.31"]
[SourceVersion "1"]
[SourceVersionDate "2022.07.31"]
[SourceQuality "1"]

1. c4 c5 2. Nf3 Nf6 3. g3 d5 4. cxd5 Nxd5 5. Bg2 Nc6 6. 0-0 Nc7 7. Nc3 e5 8. d3 Be7 9. Ne1 0-0 10. Bxc6 bxc6 11. Nf3 f6 12. Qc2 Be6 13. Be3 Rc8 14. Ne4 Nd5 15. Bxc5 f5 16. Bxe7 Qxe7 17. Nc5 Bf7 18. a3 Bh5 19. Kg2 Rce8 20. b4 e4 21. dxe4 fxe4 22. Nd4 Qf6 23. Qc4 Qg6 24. Kh1 Kh8 25. b5 Nb6 26. Qa2 Qd6 27. Nde6 Bf7 28. Rad1 Qe7 29. bxc6 Bxe6 30. Nxe6 Qxe6 31. Qxe6 Rxe6 32. Rc1 Rc8 33. Rfd1 Kg8 34. Rd4 e3 35. f4 Rexc6 36. Rb1 Rc2 37. Kg2 Rxe2+ 38. Kf3 Rxh2 39. Kxe3 Rc3+ 40. Ke4 Re2+ 41. Kf5 Rxg3 42. a4 Kf7 43. a5 g6# 0-1

[Event "Titled Tuesday intern op 10th May Late"]
[Site "Chess.com INT"]
[Date "2022.05.10"]
[Round "8"]
[White "Sharbaf, Mohsen"]
[Black "Shapiro, Daniel E"]
[Result "1-0"]
[WhiteElo "2239"]
[BlackElo "2284"]
[PlyCount "93"]
[EventDate "2022.05.10"]
[EventType "swiss (blitz)"]
[EventRounds "11"]
[EventCountry "USA"]
[SourceTitle "CBM 208 Extra"]
[Source "ChessBase"]
[SourceDate "2022.07.31"]
[SourceVersion "1"]
[SourceVersionDate "2022.07.31"]
[SourceQuality "1"]

1. c4 e5 2. g3 Nf6 3. Bg2 d5 4. cxd5 Nxd5 5. Nc3 Nb6 6. Nf3 Nc6 7. 0-0 Be7 8. a4 a6 9. a5 Nd7 10. d4 exd4 11. Nxd4 Nxd4 12. Qxd4 0-0 13. Rd1 Nc5 14. Qc4 Be6 15. Rxd8 Bxc4 16. Rxa8 Rxa8 17. Bf4 c6 18. Rd1 Rd8 19. Rxd8+ Bxd8 20. b4 Ne6 21. Bd6 Nd4 22. e3 Nf5 23. Bc5 f6 24. Bh3 Be6 25. Ne4 Kf7 26. Bxf5 Bxf5 27. Nd6+ Ke6 28. Nxb7 Bc7 29. Bb6 Bb8 30. Nc5+ Kd5 31. Nxa6 Be5 32. Bc5 Kc4 33. f4 Kb5 34. fxe5 Kxa6 35. exf6 gxf6 36. Kf2 Be4 37. g4 f5 38. g5 Bd3 39. Kg3 Kb7 40. Kf4 Kc8 41. Ke5 Kd7 42. Kf6 Ke8 43. h4 Kd7 44. h5 Ke8 45. h6 f4 46. exf4 Be4 47. f5 1-0

[Event "Titled Tuesday intern op 05th Apr Early"]
[Site "Chess.com INT"]
[Date "2022.04.05"]
[Round "9"]
[White "Iskusnyh, Sergei"]
[Black "Sharbaf, Mohsen"]
[Result "1-0"]
[WhiteElo "2443"]
[BlackElo "2239"]
[PlyCount "59"]
[EventDate "2022.04.05"]
[EventType "swiss (blitz)"]
[EventRounds "11"]
[EventCountry "USA"]
[SourceTitle "CBM 207 Extra"]
[Source "ChessBase"]
[SourceDate "2022.05.31"]
[SourceVersion "1"]
[SourceVersionDate "2022.05.31"]
[SourceQuality "1"]

1. d4 g6 2. c4 Bg7 3. Nf3 d6 4. g3 Nf6 5. Bg2 0-0 6. Nc3 Bg4 7. h3 Bxf3 8. Bxf3 Nc6 9. e3 Nd7 10. h4 e5 11. d5 Ne7 12. h5 a5 13. e4 Nc5 14. Be3 f5 15. hxg6 hxg6 16. Qc2 f4 17. Bxc5 dxc5 18. Bg4 Bf6 19. 0-0-0 Kg7 20. Nb5 Nc8 21. Bxc8 Rxc8 22. d6 c6 23. d7 Ra8 24. Nd6 Rb8 25. Ne8+ Rxe8 26. dxe8Q Qxe8 27. Qd2 Rd8 28. Qxa5 Rd4 29. Qc7+ Qf7 30. Rh7+ 1-0

[Event "Titled Tuesday intern op 05th Apr Early"]
[Site "Chess.com INT"]
[Date "2022.04.05"]
[Round "5"]
[White "Kouskoutis, Georgios Alexandros"]
[Black "Sharbaf, Mohsen"]
[Result "1-0"]
[WhiteElo "2285"]
[BlackElo "2239"]
[PlyCount "145"]
[EventDate "2022.04.05"]
[EventType "swiss (blitz)"]
[EventRounds "11"]
[EventCountry "USA"]
[SourceTitle "CBM 207 Extra"]
[Source "ChessBase"]
[SourceDate "2022.05.31"]
[SourceVersion "1"]
[SourceVersionDate "2022.05.31"]
[SourceQuality "1"]

1. c4 c5 2. g3 g6 3. Bg2 Bg7 4. Nc3 Nc6 5. e4 d6 6. Nge2 e6 7. 0-0 Nge7 8. Rb1 0-0 9. a3 a5 10. d3 Rb8 11. Be3 Nd4 12. b4 axb4 13. axb4 Bd7 14. bxc5 dxc5 15. Bxd4 cxd4 16. Nb5 Bc6 17. f4 Nc8 18. Qd2 Qe7 19. e5 Bxg2 20. Kxg2 b6 21. Nexd4 Na7 22. Qe3 Nxb5 23. Nxb5 Rfd8 24. Nd6 Qc7 25. Rb3 f6 26. Rfb1 fxe5 27. fxe5 Bxe5 28. Qxe5 Qxd6 29. Qxd6 Rxd6 30. c5 Rc6 31. Rxb6 Rbc8 32. Rxc6 Rxc6 33. Rc1 Kf7 34. Kf3 Ke7 35. Ke4 Kd7 36. d4 Kc7 37. Rf1 Ra6 38. Rf7+ Kc6 39. Rxh7 Ra2 40. Re7 Re2+ 41. Kd3 Re1 42. h4 Kd5 43. Rd7+ Kc6 44. Rd6+ Kc7 45. g4 e5 46. dxe5 Rxe5 47. Rxg6 Rxc5 48. h5 Kd7 49. h6 Rc1 50. g5 Ke7 51. Rg7+ Kf8 52. Ra7 Kg8 53. g6 Rc8 54. Ke4 Re8+ 55. Kf5 Rf8+ 56. Kg5 Rb8 57. g7 Kh7 58. Rf7 Rb5+ 59. Kf4 Rb4+ 60. Kg5 Rb5+ 61. Rf5 Rb1 62. Rf8 Rb5+ 63. Kf4 Rb4+ 64. Ke3 Rg4 65. Rh8+ Kg6 66. g8Q+ Kf5 67. Qxg4+ Kxg4 68. Rg8+ Kf5 69. h7 Kf6 70. h8Q+ Kf7 71. Qh7+ Ke6 72. Qe4+ Kf6 73. Rg6+ 1-0

[Event "Titled Tuesday intern op 05th Apr Early"]
[Site "Chess.com INT"]
[Date "2022.04.05"]
[Round "1"]
[White "Sharbaf, Mohsen"]
[Black "Bachmann, Axel"]
[Result "0-1"]
[WhiteElo "2239"]
[BlackElo "2588"]
[PlyCount "76"]
[EventDate "2022.04.05"]
[EventType "swiss (blitz)"]
[EventRounds "11"]
[EventCountry "USA"]
[SourceTitle "CBM 207 Extra"]
[Source "ChessBase"]
[SourceDate "2022.05.31"]
[SourceVersion "1"]
[SourceVersionDate "2022.05.31"]
[SourceQuality "1"]

1. c4 Nf6 2. g3 g6 3. Bg2 Bg7 4. Nc3 0-0 5. Nf3 c5 6. 0-0 Nc6 7. d4 cxd4 8. Nxd4 Qa5 9. Nc2 d6 10. h3 Qh5 11. e4 Qxd1 12. Rxd1 Nd7 13. Ne3 Bxc3 14. bxc3 Nb6 15. Bf1 Be6 16. Nd5 Rac8 17. Be3 Na4 18. Rac1 Rfe8 19. f4 b6 20. g4 Na5 21. f5 Bd7 22. f6 Nxc4 23. Bxc4 Rxc4 24. fxe7 Kg7 25. Bd4+ Kh6 26. Rf1 f5 27. exf5 gxf5 28. gxf5 Bc6 29. f6 Rg8+ 30. Kf2 Bxd5 31. Rg1 Rcc8 32. Rxg8 Rxg8 33. Rg1 Rxg1 34. Kxg1 Bf7 35. Kf2 Kg6 36. Ke3 Kf5 37. Kd2 Nc5 38. Ke3 Nd7 0-1

[Event "Bandar e Anzali Khazar Cup 16th"]
[Site "Bandar e Anzali"]
[Date "2018.03.05"]
[Round "8"]
[White "Pilvaieh, Ali"]
[Black "Sharbaf, Mohsen"]
[Result "1-0"]
[WhiteElo "2152"]
[BlackElo "2260"]
[PlyCount "173"]
[EventDate "2018.02.27"]
[EventType "swiss"]
[EventRounds "9"]
[EventCountry "IRI"]
[SourceTitle "CBM 183 Extra"]
[Source "ChessBase"]
[SourceDate "2018.04.19"]
[SourceVersion "1"]
[SourceVersionDate "2018.04.19"]
[SourceQuality "1"]

1. d4 Nf6 2. Bf4 g6 3. e3 Bg7 4. Be2 0-0 5. Nf3 d6 6. h3 Nfd7 7. 0-0 e5 8. Bh2 Nc6 9. c4 e4 10. Nfd2 f5 11. Nc3 Nf6 12. a3 Ne7 13. Rc1 g5 14. c5 d5 15. f3 Ng6 16. fxe4 fxe4 17. Nb5 Rf7 18. c6 b6 19. Rf2 a6 20. Nc3 Be6 21. Nf1 Bf8 22. Ng3 Bd6 23. Qb3 Qe7 24. Nf5 Bxh2+ 25. Kxh2 Bxf5 26. Rxf5 Qd6+ 27. Kg1 Ne7 28. Rxg5+ Kh8 29. Rf1 Raf8 30. Qb4 Qxc6 31. Bxa6 Qd7 32. Bb5 c6 33. Be2 h6 34. Re5 Ng6 35. Ref5 Qc7 36. Nd1 Ne7 37. R5f4 Ng6 38. Rf5 Kh7 39. Qe1 c5 40. Qf2 Ne7 41. Bh5 Ng6 42. dxc5 bxc5 43. Nc3 Kg7 44. Bxg6 Kxg6 45. Qh4 Qe7 46. Nxd5 Nxd5 47. Qh5+ Kg7 48. Rxf7+ Rxf7 49. Qxd5 Rxf1+ 50. Kxf1 Qf6+ 51. Kg1 Qxb2 52. Qxc5 Qb1+ 53. Kf2 Kg6 54. Qd6+ Kg5 55. Qf4+ Kg6 56. Kg3 Qd3 57. a4 Qd5 58. Kh2 Qa8 59. Qd6+ Kg7 60. Qe5+ Kg6 61. a5 Qc6 62. Kg3 Kf7 63. Kf4 Qc2 64. Qxe4 Qf2+ 65. Qf3 Qh4+ 66. g4 Ke6 67. a6 Qf6+ 68. Kg3 Qa1 69. Qe4+ Kf7 70. Qf5+ Kg7 71. Qd7+ Kg6 72. Qe6+ Kg7 73. Kh4 Qe1+ 74. Kh5 Qa5+ 75. Qf5 Qxa6 76. Qd7+ Kg8 77. e4 Qb6 78. e5 Qb3 79. Qe8+ Kg7 80. Qg6+ Kf8 81. Qxh6+ Kg8 82. h4 Qg3 83. Qg6+ Kh8 84. Qf6+ Kh7 85. e6 Qd6 86. Qf7+ Kh8 87. Qe8+ 1-0

[Event "Fajr op 26th"]
[Site "Amol"]
[Date "2018.02.03"]
[Round "1"]
[White "Sharbaf, Mohsen"]
[Black "Kuzubov, Yuriy"]
[Result "0-1"]
[WhiteElo "2256"]
[BlackElo "2695"]
[PlyCount "64"]
[EventDate "2018.02.03"]
[EventType "swiss"]
[EventRounds "9"]
[EventCountry "IRI"]
[SourceTitle "CBM 182 Extra"]
[Source "ChessBase"]
[SourceDate "2018.02.23"]
[SourceVersion "1"]
[SourceVersionDate "2018.02.23"]
[SourceQuality "1"]

1. e4 d6 2. Nc3 c5 3. f4 g6 4. Nf3 Bg7 5. Bc4 Nc6 6. 0-0 e6 7. d3 Nge7 8. Qe1 0-0 9. f5 d5 10. Bb3 c4 11. dxc4 dxc4 12. Bxc4 exf5 13. Qh4 Nd4 14. Bg5 Nxf3+ 15. Rxf3 Qd4+ 16. Kh1 Qxc4 17. Bxe7 Re8 18. Re1 Be6 19. Bf6 Bxf6 20. Qxf6 Rad8 21. h3 Qc7 22. exf5 Bxf5 23. Rxe8+ Rxe8 24. Rxf5 Re6 25. Qh4 gxf5 26. Nd5 Qd6 27. c4 Kf8 28. Kg1 h6 29. Qd4 Qe5 30. Qd3 Qxb2 31. Kh2 Qe5+ 32. Kg1 f4 0-1

[Event "Arak op 15th"]
[Site "Arak"]
[Date "2016.08.18"]
[Round "11"]
[White "Bagheri, Maziar"]
[Black "Sharbaf, Mohsen"]
[Result "0-1"]
[WhiteElo "2306"]
[BlackElo "2312"]
[PlyCount "96"]
[EventDate "2016.08.11"]
[EventType "swiss"]
[EventRounds "11"]
[EventCountry "IRI"]
[SourceTitle "CBM 173 Extra"]
[Source "ChessBase"]
[SourceDate "2016.08.29"]
[SourceVersion "1"]
[SourceVersionDate "2016.08.29"]
[SourceQuality "1"]

1. Nf3 Nf6 2. c4 e6 3. Nc3 c5 4. g3 b6 5. Bg2 Bb7 6. 0-0 Be7 7. Re1 d6 8. e4 e5 9. Rb1 Nc6 10. a3 Nd4 11. b4 Bc6 12. Nxd4 cxd4 13. Nd5 b5 14. cxb5 Bxb5 15. Nxf6+ Bxf6 16. a4 Bd3 17. Rb3 Bc4 18. Ra3 Be6 19. d3 h5 20. h4 g5 21. hxg5 Bxg5 22. f4 Bf6 23. f5 Bd7 24. Ra2 Bg5 25. b5 Rc8 26. Rc2 Rxc2 27. Qxc2 Rg8 28. Kf2 h4 29. Rh1 Be3+ 30. Bxe3 dxe3+ 31. Kxe3 Rxg3+ 32. Kf2 Qg5 33. Kf1 Qg4 34. Qd2 h3 35. Rxh3 Rxh3 36. Bxh3 Qxh3+ 37. Kg1 Qg3+ 38. Kf1 d5 39. Qc2 Kd8 40. Qb1 dxe4 41. dxe4 Qc3 42. Kg2 Kc7 43. Qa2 Qd3 44. Qxf7 Qxe4+ 45. Kf2 Qxf5+ 46. Qxf5 Bxf5 47. a5 Bd3 48. Ke3 Bxb5 0-1

[Event "IRI-chT 14th"]
[Site "Tehran"]
[Date "2015.11.12"]
[Round "11.1"]
[White "Sharbaf, Mohsen"]
[Black "Maghsoodloo, Parham"]
[Result "1/2-1/2"]
[WhiteElo "2354"]
[BlackElo "2447"]
[PlyCount "79"]
[EventDate "2015.07.17"]
[EventType "team-tourn"]
[EventRounds "13"]
[EventCountry "IRI"]
[SourceTitle "EXT 2017"]
[Source "ChessBase"]
[SourceDate "2016.10.25"]
[SourceVersion "1"]
[SourceVersionDate "2016.10.25"]
[SourceQuality "1"]
[WhiteTeam "Shomal Damon Sakht"]
[BlackTeam "Saipa"]
[WhiteTeamCountry "IRI"]
[BlackTeamCountry "IRI"]

1. e4 c6 2. d4 d5 3. Nd2 dxe4 4. Nxe4 Nf6 5. Nxf6+ gxf6 6. c3 Nd7 7. Bd3 Nb6 8. Ne2 Bg4 9. Qc2 h5 10. h3 Bxe2 11. Qxe2 Bh6 12. Bxh6 Rxh6 13. Be4 h4 14. 0-0-0 e6 15. c4 Qc7 16. Kb1 0-0-0 17. b3 Kb8 18. Qe3 Rhh8 19. Rd2 f5 20. Bf3 f4 21. Qe4 Nd7 22. Rhd1 Nf6 23. Qe5 Nh7 24. Be4 Qxe5 25. dxe5 Rxd2 26. Rxd2 Ng5 27. Bf3 Kc7 28. Rd4 f5 29. exf6 e5 30. Rd2 Ne6 31. Kc2 Nd4+ 32. Kd3 Nxf3 33. gxf3 Rd8+ 34. Kc3 Rxd2 35. Kxd2 Kd6 36. Kd3 Ke6 37. c5 Kxf6 38. b4 Kf5 39. a3 Kf6 40. Kc3 1/2-1/2

[Event "IRI-chT 14th"]
[Site "Tehran"]
[Date "2015.11.12"]
[Round "12.4"]
[White "Tahbaz, Arash"]
[Black "Sharbaf, Mohsen"]
[Result "1-0"]
[WhiteElo "2342"]
[BlackElo "2354"]
[PlyCount "120"]
[EventDate "2015.07.17"]
[EventType "team-tourn"]
[EventRounds "13"]
[EventCountry "IRI"]
[SourceTitle "EXT 2017"]
[Source "ChessBase"]
[SourceDate "2016.10.25"]
[SourceVersion "1"]
[SourceVersionDate "2016.10.25"]
[SourceQuality "1"]
[WhiteTeam "Rasht Donyaye Felez"]
[BlackTeam "Shomal Damon Sakht"]
[WhiteTeamCountry "IRI"]
[BlackTeamCountry "IRI"]

1. e4 c5 2. Nf3 Nc6 3. d4 cxd4 4. Nxd4 Nf6 5. Nc3 e6 6. g3 Bb4 7. Bg2 Qb6 8. Nb3 Qa6 9. Bd2 d5 10. a3 Be7 11. Be3 Nxe4 12. Nxe4 dxe4 13. Bxe4 Qc4 14. Bd3 Qd5 15. 0-0 e5 16. c4 Qd8 17. Qc2 Qc7 18. Bxh7 Bh3 19. Rfd1 Bg4 20. Rd2 Rd8 21. Bf5 Bf3 22. Rxd8+ Qxd8 23. Be4 Bxe4 24. Qxe4 Qd7 25. Nc5 Bxc5 26. Bxc5 Qh3 27. Qg2 Qg4 28. b3 Qe2 29. Qd5 Rh6 30. Rd1 Nd4 31. Rxd4 exd4 32. Qxb7 f5 33. Qc8+ Kf7 34. Qxf5+ Rf6 35. Qd5+ Kg6 36. Bxd4 Rf3 37. Qd6+ Kh5 38. Qc5+ Kg6 39. Be3 Qd1+ 40. Kg2 Rf6 41. h4 Qxb3 42. Qg5+ Kh7 43. Qh5+ Kg8 44. Qd5+ Kh7 45. Bd4 Rf8 46. Bxa7 Rf6 47. Bd4 Rf8 48. Qe4+ Kg8 49. Qd5+ Kh7 50. h5 Qd3 51. Qe5 Rf7 52. c5 Qxa3 53. Qe4+ Kg8 54. Qe8+ Rf8 55. Qe6+ Rf7 56. Qc6 Rf8 57. Qe6+ Rf7 58. Be3 Qc3 59. c6 Qa5 60. Bf4 Qa8 1-0

[Event "IRI-chT 14th"]
[Site "Tehran"]
[Date "2015.09.18"]
[Round "8.6"]
[White "Sharbaf, Mohsen"]
[Black "Grabliauskas, Virginijus"]
[Result "1-0"]
[WhiteElo "2354"]
[BlackElo "2332"]
[PlyCount "85"]
[EventDate "2015.07.17"]
[EventType "team-tourn"]
[EventRounds "13"]
[EventCountry "IRI"]
[SourceTitle "EXT 2016"]
[Source "ChessBase"]
[SourceDate "2015.10.08"]
[SourceVersion "1"]
[SourceVersionDate "2015.10.08"]
[SourceQuality "1"]
[WhiteTeam "Shomal Damon Sakht"]
[BlackTeam "Lorestan Rah & Shahrsazi"]
[WhiteTeamCountry "IRI"]
[BlackTeamCountry "IRI"]

1. Nf3 Nf6 2. e3 d5 3. b3 Bf5 4. Bb2 e6 5. Bd3 Bxd3 6. cxd3 Nbd7 7. 0-0 Bd6 8. d4 c5 9. dxc5 Nxc5 10. Qe2 0-0 11. d3 Rc8 12. Nbd2 Ncd7 13. Rfc1 Qe7 14. Nd4 Ba3 15. N2f3 a6 16. Qd2 h6 17. h3 Bxb2 18. Qxb2 Nb6 19. Ne5 Nfd7 20. Nxd7 Qxd7 21. a4 Rxc1+ 22. Rxc1 Rc8 23. a5 Rxc1+ 24. Qxc1 Qc8 25. Qa3 Nd7 26. Qd6 Nc5 27. Kh2 Nxd3 28. f3 e5 29. Ne2 Qc2 30. Qd7 g6 31. Ng1 Qxb3 32. h4 Qb5 33. Qe7 Qxa5 34. h5 gxh5 35. Ne2 Qb4 36. Qd8+ Kh7 37. Qf6 Kg8 38. Ng3 Qf8 39. Nxh5 e4 40. f4 Nc5 41. Qf5 Qd6 42. Nf6+ Kf8 43. Qc8+ 1-0

[Event "Rasht Khazar op 13th"]
[Site "Rasht"]
[Date "2015.02.16"]
[Round "7"]
[White "Sharbaf, Mohsen"]
[Black "Stopa, Jacek"]
[Result "0-1"]
[WhiteElo "2350"]
[BlackElo "2540"]
[PlyCount "76"]
[EventDate "2015.02.11"]
[EventType "swiss"]
[EventRounds "9"]
[EventCountry "IRI"]
[SourceTitle "CBM 164 Extra"]
[Source "ChessBase"]
[SourceDate "2015.03.02"]
[SourceVersion "1"]
[SourceVersionDate "2015.03.02"]
[SourceQuality "1"]

1. Nf3 c5 2. e3 g6 3. Be2 Bg7 4. 0-0 Nf6 5. b3 0-0 6. Bb2 b6 7. a4 Nc6 8. Ne5 Nxe5 9. Bxe5 d6 10. Bc3 a6 11. Bf3 Ra7 12. b4 Re8 13. Na3 cxb4 14. Bxb4 d5 15. c4 e5 16. d3 e4 17. dxe4 dxe4 18. Be2 Nd7 19. Ra2 Qg5 20. Qb1 Nc5 21. f4 exf3 22. Bxf3 Bf5 23. Nc2 Bd3 24. a5 b5 25. cxb5 Bxb5 26. Rd1 Nd3 27. Bd2 Ne5 28. Nd4 Rd7 29. Kh1 Nxf3 30. Nxf3 Qd8 31. Re1 Bc4 32. Ra4 Bb5 33. Ra2 Bc6 34. Nd4 Bd5 35. Rb2 Be5 36. Bc3 Rc7 37. Qd3 Qh4 38. Nf3 Bxf3 0-1

[Event "Tehran Alborz op 1st"]
[Site "Tehran"]
[Date "2014.03.08"]
[Round "4"]
[White "Sharbaf, Mohsen"]
[Black "Tabatabaei, Mohammad Amin"]
[Result "1/2-1/2"]
[WhiteElo "2434"]
[BlackElo "2203"]
[PlyCount "31"]
[EventDate "2014.03.06"]
[EventType "swiss"]
[EventRounds "11"]
[EventCountry "IRI"]
[SourceTitle "CBM 159 Extra"]
[Source "ChessBase"]
[SourceDate "2014.04.24"]
[SourceVersion "1"]
[SourceVersionDate "2014.04.24"]
[SourceQuality "1"]

1. e4 c5 2. Nf3 d6 3. d4 cxd4 4. Nxd4 Nf6 5. Nc3 g6 6. Be3 Bg7 7. f3 Nc6 8. Qd2 0-0 9. 0-0-0 d5 10. Kb1 Nxd4 11. e5 Nf5 12. exf6 Bxf6 13. Nxd5 Qxd5 14. Qxd5 Nxe3 15. Qd2 Nxd1 16. Qxd1 1/2-1/2